| 000 | 02081nam a2200421 a 4500 | ||
|---|---|---|---|
| 003 | BLK | ||
| 005 | 20250616115042.0 | ||
| 008 | 180411b bul|||||r ||||||| ||bul|| | ||
| 020 | _a9789542614654 | ||
| 040 | _aBLK | ||
| 041 |
_aBUL _cBUL |
||
| 080 |
_aРазвитие на личността. Самосъзнание _b159.923.2 _x(035) _z159.923.2(035) |
||
| 080 |
_aРазвитие на психиката и способностите. Сравнителна психология _b159.92 _x(035) _z159.92(035) |
||
| 080 |
_aВоля. Желание. Свобода на волята. Избор. Решение. Възпитаване на волята. Детерминация. Самодисциплина. Намерения. Подбуди. Желания _b159.947 _x(035) _z159.947(035) |
||
| 100 | 1 |
_aЛойд, Алекс _eпърви автор _9324286 |
|
| 139 |
_aЛойд, Алекс _bЛ 80 |
||
| 245 | 1 | 0 |
_aОтвъд волята _bТайният принцип за постигане на успех, любов и щастие _cАлекс Лойд; прев. Евелина Огнянова Андонова. |
| 257 | _aUSA | ||
| 260 |
_bХермес _c2015 _fСофия : Алианс принт |
||
| 300 |
_a303 с. _c20 см |
||
| 380 | _a1 | ||
| 500 | _aОриг. загл. Beyond Willpower / Alexander Loyd. - За автора. | ||
| 650 | 4 |
_aПсихохигиена - наръчници и ръководства _9168433 |
|
| 650 | 4 |
_aЛичност - психология - наръчници и ръководства _9249973 |
|
| 650 | 4 |
_aВоля _9151246 |
|
| 653 | _aпсихохигиена | ||
| 653 | _aпсихология на личността | ||
| 653 | _aволя | ||
| 659 | _aН | ||
| 700 |
_aАндонова, Евелина Огнянова _9303278 |
||
| 852 | _aЦб 274885 | ||
| 856 | 4 | _qpdf | |
| 856 | 4 | _qpdf | |
| 942 |
_cKNG _n0 _022 |
||
| 944 |
_aCR _c24.06.2015 _lЦветомила Тодорова _k30576 |
||
| 944 |
_aED _c15.01.2016 _lф / _kПенка_Димитрова |
||
| 999 |
_c169097 _d169097 |
||
| 999 | _d169097 | ||